Transición del socialismo real al neoliberalismo verdadero: prolegómenos medioambientales en países Centro y Este Europeos /

Uloženo v:
Podrobná bibliografie
Hlavní autor: Saldívar V., Américo
Médium: Text
Tagy: Přidat tag
Žádné tagy, Buďte první, kdo vytvoří štítek k tomuto záznamu!

MARC

LEADER 00000 a a2200000 04500
001 47098
003
040
100 |a Saldívar V., Américo  
245 |a Transición del socialismo real al neoliberalismo verdadero:   |b prolegómenos medioambientales en países Centro y Este Europeos /  |c Américo Saldívar V.  
773 |g número379, (2013), páginas 67-84 : gráficos  
999 |c 37953  |d 37953